| 000 | 00599nam a2200217Ia 4500 | ||
|---|---|---|---|
| 005 | 20240430130026.0 | ||
| 008 | 131103s9999 xx 000 0 und d | ||
| 040 | _aLoreto College | ||
| 041 | _aEnglish | ||
| 082 |
_a371.42 _bTRA |
||
| 100 | _aTraxler, Arthur E. | ||
| 245 |
_aTechniques of Guidance _cArthur E.Traxler and Robert D.North |
||
| 260 |
_aLondon _bHarper & row _c1998 |
||
| 300 |
_aix,377p. _b ill. |
||
| 504 | _aIncludes index | ||
| 650 | _aEducation | ||
| 651 | _aEducation - student guidance & teaching | ||
| 700 | _aNorth, Robert D; ed. | ||
| 850 | _aLCBED | ||
| 942 | _cBK | ||
| 999 |
_c25922 _d76401 |
||